000 01538nam a22003977a 4500
003 CHAP
005 20220817044309.0
008 091026s2009 mx r 00010 spa d
010 _a96950
011 _a97922
035 _a108596
040 _cCHAP
090 _aTesis
100 1 _aJuárez Pópez, Porfirio.
_962477
245 1 0 _aProducción y calidad de genotipos nativos de jitomate ( Lycopersicon esculentum Mill.) en invernadero e hidroponía
_c/por Porfirio Juárez López
260 _aChapingo, Méx. :
_bEl autor,
_c2009
300 _axvii, 97 h. :
_bcuadros, gráfs. , ilus.
502 _aTesis (Dr.en Ciencias en Horticultura) -- UACH. Departamento de Fitotecnia
530 _aTambién disponible en línea
590 _aALEPH
_b10
_c20130110
_lUCH01
_h1530
590 _aBATCH-UPD
_b10
_c20130110
_lUCH01
_h0917
590 _aBATCH-UPD
_b10
_c20130410
_lUCH01
_h0540
590 _aBATCH-UPD
_b10
_c20130914
_lUCH01
_h1131
590 _aBATCH-UPD
_b10
_c20140324
_lUCH01
_h1513
590 _aBATCH-UPD
_b10
_c20141002
_lUCH01
_h0840
590 _aCONVERSION
_b10
_c20130109
_lUCH01
_h1354
650 1 4 _aCultivos en invernadero.
_930376
650 1 4 _aGenética vegetal.
650 1 4 _aHidroponía.
_955280
650 1 4 _aTomate
_zMéxico (Edo.).
_9113786
856 _3Finding aid
_uhttp://10.13.5.2/tesis/108596.pdf
_zTeclea aqui
901 _aBK
942 _cFOLL
949 _aTesis
_bBC
_cTES
_d33724002126108
_eTS1
_gDonaciØn
_h49649
_i108596
_sb
949 _aTesis
_bBC
_cTES
_d33724002126149
_eTS2
_fc.2
_gDonaciØn
_h49650
_i108596
_sb
999 _c96950
_d96950